| 000 | 00540nam a22001577a 4500 | ||
|---|---|---|---|
| 003 | macl | ||
| 005 | 20181226121229.0 | ||
| 008 | 181226b xxu||||| |||| 00| 0 eng d | ||
| 040 | _cmacl | ||
| 082 | _a800 | ||
| 100 |
_aचन्द्रकान्ता _956354 |
||
| 245 | _aप्रश्नों के दायरे में (साक्षात्कार) | ||
| 260 |
_aकानपुर _bअमन प्रकाशन _c2015 |
||
| 650 |
_aसाक्षात्कार _931561 |
||
| 942 |
_2ddc _cHIN |
||
| 999 |
_c58786 _d58786 |
||